000 00697nam a2200253Ia 4500
003 OSt
005 20230504094542.0
008 210329s9999||||xx |||||||||||||| ||und||
020 _a8170992656
040 _cSTCPL
041 _aENG
082 _a338.160 954
_bVIN-M
100 _aReddy, A. Vinayak
245 0 _aModernisation of Indian agriculture /
_cby A. Vinayak Reddy
260 _aNew Delhi :
_bMittal Publications ,
_c1991.
300 _a373 p.
_bHB
650 _aIndia--Andhra Pradesh
650 _aAgriculture--Economic aspects
650 _aAgricultural innovations--Economic aspects
650 _aAgricultural innovations
650 _aIndia
942 _cBK
942 _2ddc
999 _c50927
_d50927